000 00228nam a2200097Ia 4500
008 190216s9999||||xx |||||||||||||| ||und||
100 _aSundara Rajan M
245 0 _aSpacile Albudangal
260 _bKerala Basha Inst
942 _cBK
999 _c37677
_d37677